[Event "Priit Leito Memorial Tournament"]
[Site "Tallinn, Paul Keres Chess House, Estonia"]
[Date "2023.02.04"]
[Round "7.3"]
[White "Neiksans, Arturs"]
[Black "Kukk, Sander"]
[Result "1-0"]
[TimeControl " Rapid: 15 minutes for game with 3 seconds increment from move 1"]
[WhiteTitle "GM"]
[WhiteElo "2552"]
[BlackElo "2205"]

1. e4 {

[%clk 00:15:05]

} g6 {

[%clk 00:15:04]

} {

[%emt 00:00:02]

} 2. d4 {

[%clk 00:14:59]

} {

[%emt 00:00:10]

} Bg7 {

[%clk 00:15:03]

} {

[%emt 00:00:02]

} 3. Nf3 {

[%clk 00:15:00]

} {

[%emt 00:00:03]

} d6 {

[%clk 00:15:04]

} {

[%emt 00:00:03]

} 4. Bc4 {

[%clk 00:14:53]

} {

[%emt 00:00:10]

} Nf6 {

[%clk 00:14:46]

} {

[%emt 00:00:20]

} 5. Qe2 {

[%clk 00:14:47]

} {

[%emt 00:00:09]

} O-O {

[%clk 00:14:45]

} {

[%emt 00:00:04]

} 6. O-O {

[%clk 00:14:32]

} {

[%emt 00:00:18]

} Bg4 {

[%clk 00:12:29]

} {

[%emt 00:02:19]

} 7. e5 {

[%clk 00:12:29]

} {

[%emt 00:02:06]

} dxe5 {

[%clk 00:11:49]

} {

[%emt 00:00:44]

} 8. dxe5 {

[%clk 00:12:31]

} {

[%emt 00:00:01]

} Nd5 {

[%clk 00:11:28]

} {

[%emt 00:00:23]

} 9. Nbd2 {

[%clk 00:12:23]

} {

[%emt 00:00:11]

} Nc6 {

[%clk 00:10:05]

} {

[%emt 00:01:27]

} 10. Qe4 {

[%clk 00:12:10]

} {

[%emt 00:00:15]

} Bxf3 {

[%clk 00:09:46]

} {

[%emt 00:00:22]

} 11. Nxf3 {

[%clk 00:12:10]

} {

[%emt 00:00:03]

} Nb6 {

[%clk 00:09:48]

} {

[%emt 00:00:02]

} 12. Bb3 {

[%clk 00:10:09]

} {

[%emt 00:02:04]

} Na5 {

[%clk 00:09:06]

} {

[%emt 00:00:45]

} 13. Bg5 {

[%clk 00:10:00]

} {

[%emt 00:00:12]

} Nxb3 {

[%clk 00:08:55]

} {

[%emt 00:00:15]

} 14. axb3 {

[%clk 00:10:01]

} {

[%emt 00:00:01]

} f6 {

[%clk 00:08:08]

} {

[%emt 00:00:50]

} 15. Rfd1 {

[%clk 00:09:26]

} {

[%emt 00:00:38]

} Qc8 {

[%clk 00:08:08]

} {

[%emt 00:00:03]

} 16. Bd2 {

[%clk 00:08:00]

} {

[%emt 00:01:29]

} c6 {

[%clk 00:06:36]

} {

[%emt 00:01:35]

} 17. e6 {

[%clk 00:07:19]

} {

[%emt 00:00:44]

} f5 {

[%clk 00:06:09]

} {

[%emt 00:00:30]

} 18. Qh4 {

[%clk 00:07:20]

} {

[%emt 00:00:01]

} Nd5 {

[%clk 00:04:46]

} {

[%emt 00:01:27]

} 19. Ng5 {

[%clk 00:06:58]

} {

[%emt 00:00:24]

} Nf6 {

[%clk 00:02:52]

} {

[%emt 00:01:57]

} 20. Bc3 {

[%clk 00:06:42]

} {

[%emt 00:00:19]

} h6 {

[%clk 00:02:18]

} {

[%emt 00:00:37]

} 21. Nf7 {

[%clk 00:05:49]

} {

[%emt 00:00:57]

} Qxe6 {

[%clk 00:02:18]

} {

[%emt 00:00:03]

} 22. Nxh6+ {

[%clk 00:05:44]

} {

[%emt 00:00:07]

} Bxh6 {

[%clk 00:02:20]

} {

[%emt 00:00:01]

} 23. Qxh6 {

[%clk 00:05:46]

} {

[%emt 00:00:01]

} Qf7 {

[%clk 00:02:22]

} {

[%emt 00:00:01]

} 24. Rd3 {

[%clk 00:05:22]

} {

[%emt 00:00:26]

} Qh7 {

[%clk 00:01:33]

} {

[%emt 00:00:52]

} 25. Qxh7+ {

[%clk 00:03:37]

} {

[%emt 00:01:48]

} Kxh7 {

[%clk 00:01:12]

} {

[%emt 00:00:24]

} 26. Bxf6 {

[%clk 00:03:38]

} {

[%emt 00:00:02]

} Rxf6 {

[%clk 00:01:09]

} {

[%emt 00:00:06]

} 27. Rd7 {

[%clk 00:03:40]

} {

[%emt 00:00:01]

} Re6 {

[%clk 00:01:12]

} 28. Kf1 {

[%clk 00:03:28]

} {

[%emt 00:00:15]

} Kg7 {

[%clk 00:01:00]

} {

[%emt 00:00:15]

} 29. Rxb7 {

[%clk 00:03:08]

} {

[%emt 00:00:23]

} Rd8 {

[%clk 00:00:50]

} {

[%emt 00:00:14]

} 30. Re1 {

[%clk 00:03:09]

} {

[%emt 00:00:01]

} Kf6 {

[%clk 00:00:52]

} {

[%emt 00:00:02]

} 31. Rxe6+ {

[%clk 00:02:45]

} {

[%emt 00:00:26]

} Kxe6 {

[%clk 00:00:54]

} {

[%emt 00:00:01]

} 32. Rc7 {

[%clk 00:02:47]

} {

[%emt 00:00:02]

} Rd6 {

[%clk 00:00:49]

} {

[%emt 00:00:08]

} 33. b4 {

[%clk 00:02:29]

} {

[%emt 00:00:20]

} a6 {

[%clk 00:00:51]

} {

[%emt 00:00:02]

} 34. Ke2 {

[%clk 00:02:30]

} {

[%emt 00:00:02]

} Kd5 {

[%clk 00:00:14]

} {

[%emt 00:00:40]

} 35. Rxe7 {

[%clk 00:02:14]

} {

[%emt 00:00:19]

} Kc4 {

[%clk 00:00:16]

} 36. Rb7 {

[%clk 00:02:09]

} {

[%emt 00:00:07]

} c5 {

[%clk 00:00:06]

} {

[%emt 00:00:14]

} 37. bxc5 {

[%clk 00:01:35]

} {

[%emt 00:00:36]

} Kxc5 {

[%clk 00:00:08]

} {

[%emt 00:00:01]

} 38. h4 {

[%clk 00:01:32]

} {

[%emt 00:00:06]

} Re6+ {

[%clk 00:00:05]

} {

[%emt 00:00:06]

} 39. Kf3 {

[%clk 00:01:31]

} {

[%emt 00:00:03]

} Rd6 {

[%clk 00:00:05]

} {

[%emt 00:00:04]

} 40. g3 {

[%clk 00:01:30]

} {

[%emt 00:00:04]

} Rd2 {

[%clk 00:00:05]

} {

[%emt 00:00:04]

} 41. Rc7+ {

[%clk 00:01:21]

} {

[%emt 00:00:11]

} Kb6 {

[%clk 00:00:05]

} {

[%emt 00:00:03]

} 42. Rc4 {

[%clk 00:00:59]

} {

[%emt 00:00:25]

} Kb5 {

[%clk 00:00:07]

} {

[%emt 00:00:02]

} 43. b3 {

[%clk 00:01:01]

} a5 {

[%clk 00:00:08]

} {

[%emt 00:00:02]

} 44. Ke3 {

[%clk 00:01:02]

} {

[%emt 00:00:01]

} Rd6 {

[%clk 00:00:10]

} {

[%emt 00:00:01]

} 45. Kf4 {

[%clk 00:00:57]

} {

[%emt 00:00:08]

} Rd2 {

[%clk 00:00:05]

} {

[%emt 00:00:08]

} 46. f3 {

[%clk 00:00:59]

} {

[%emt 00:00:01]

} Rg2 {

[%clk 00:00:06]

} {

[%emt 00:00:02]

} 47. g4 {

[%clk 00:00:58]

} {

[%emt 00:00:04]

} fxg4 {

[%clk 00:00:08]

} {

[%emt 00:00:02]

} 48. fxg4 {

[%clk 00:01:00]

} Rh2 {

[%clk 00:00:10]

} {

[%emt 00:00:01]

} 49. Ke4 {

[%emt 00:00:05]

} 1-0

[Event "Priit Leito Memorial Tournament"]
[Site "Tallinn, Paul Keres Chess House, Estonia"]
[Date "2023.02.04"]
[Round "7.5"]
[White "Volodin, Aleksandr"]
[Black "Schults, Olev"]
[Result "1-0"]
[TimeControl " Rapid: 15 minutes for game with 3 seconds increment from move 1"]
[WhiteTitle "GM"]
[BlackTitle "FM"]
[WhiteElo "2471"]
[BlackElo "2128"]

1. d4 {

[%clk 00:15:04]

} Nf6 {

[%clk 00:15:05]

} {

[%emt 00:00:01]

} 2. c4 {

[%clk 00:15:05]

} {

[%emt 00:00:02]

} c5 {

[%clk 00:15:04]

} {

[%emt 00:00:05]

} 3. d5 {

[%clk 00:15:06]

} {

[%emt 00:00:02]

} e5 {

[%clk 00:15:05]

} {

[%emt 00:00:02]

} 4. Nc3 {

[%clk 00:14:46]

} {

[%emt 00:00:23]

} d6 {

[%clk 00:15:07]

} {

[%emt 00:00:02]

} 5. e4 {

[%clk 00:14:47]

} {

[%emt 00:00:02]

} Be7 {

[%clk 00:15:09]

} {

[%emt 00:00:01]

} 6. Be2 {

[%clk 00:14:48]

} {

[%emt 00:00:02]

} O-O {

[%clk 00:15:10]

} {

[%emt 00:00:02]

} 7. h4 {

[%clk 00:14:19]

} {

[%emt 00:00:32]

} Na6 {

[%clk 00:14:47]

} {

[%emt 00:00:26]

} 8. Be3 {

[%clk 00:13:30]

} {

[%emt 00:00:53]

} Nc7 {

[%clk 00:14:22]

} {

[%emt 00:00:28]

} 9. Nh3 {

[%clk 00:12:41]

} {

[%emt 00:00:51]

} a6 {

[%clk 00:13:20]

} {

[%emt 00:01:06]

} 10. a4 {

[%clk 00:12:28]

} {

[%emt 00:00:16]

} Rb8 {

[%clk 00:13:02]

} {

[%emt 00:00:20]

} 11. g4 {

[%clk 00:11:49]

} {

[%emt 00:00:42]

} Nfe8 {

[%clk 00:12:28]

} {

[%emt 00:00:37]

} 12. h5 {

[%clk 00:11:16]

} {

[%emt 00:00:36]

} Bd7 {

[%clk 00:10:33]

} {

[%emt 00:01:59]

} 13. a5 {

[%clk 00:10:57]

} {

[%emt 00:00:22]

} b5 {

[%clk 00:10:31]

} {

[%emt 00:00:04]

} 14. axb6 {

[%clk 00:10:13]

} {

[%emt 00:00:48]

} Rxb6 {

[%clk 00:10:33]

} {

[%emt 00:00:01]

} 15. Qd2 {

[%clk 00:09:59]

} {

[%emt 00:00:17]

} Qb8 {

[%clk 00:10:29]

} {

[%emt 00:00:07]

} 16. Ra2 {

[%clk 00:09:57]

} {

[%emt 00:00:05]

} a5 {

[%clk 00:09:32]

} {

[%emt 00:01:00]

} 17. f3 {

[%clk 00:09:50]

} {

[%emt 00:00:10]

} Na6 {

[%clk 00:09:05]

} {

[%emt 00:00:30]

} 18. Nf2 {

[%clk 00:09:44]

} {

[%emt 00:00:09]

} Rb7 {

[%clk 00:08:42]

} {

[%emt 00:00:26]

} 19. Kf1 {

[%clk 00:09:14]

} {

[%emt 00:00:33]

} Bd8 {

[%clk 00:08:40]

} {

[%emt 00:00:04]

} 20. Kg2 {

[%clk 00:09:14]

} {

[%emt 00:00:03]

} Nb4 {

[%clk 00:08:43]

} 21. Raa1 {

[%clk 00:09:10]

} {

[%emt 00:00:08]

} Qc7 {

[%clk 00:08:16]

} {

[%emt 00:00:30]

} 22. Rh2 {

[%clk 00:08:13]

} {

[%emt 00:01:00]

} Bc8 {

[%clk 00:08:16]

} {

[%emt 00:00:03]

} 23. Nb5 {

[%clk 00:07:55]

} {

[%emt 00:00:20]

} Qe7 {

[%clk 00:08:15]

} {

[%emt 00:00:02]

} 24. Nh1 {

[%clk 00:07:49]

} {

[%emt 00:00:10]

} f6 {

[%clk 00:07:00]

} {

[%emt 00:01:19]

} 25. Ng3 {

[%clk 00:07:48]

} {

[%emt 00:00:04]

} g5 {

[%clk 00:06:50]

} {

[%emt 00:00:13]

} 26. hxg6 {

[%clk 00:07:38]

} {

[%emt 00:00:13]

} hxg6 {

[%clk 00:06:52]

} {

[%emt 00:00:01]

} 27. Rah1 {

[%clk 00:07:36]

} {

[%emt 00:00:04]

} Ng7 {

[%clk 00:05:57]

} {

[%emt 00:00:59]

} 28. Rh6 {

[%clk 00:07:32]

} {

[%emt 00:00:07]

} Kf7 {

[%clk 00:05:47]

} {

[%emt 00:00:13]

} 29. Rh7 {

[%clk 00:07:15]

} {

[%emt 00:00:19]

} Rg8 {

[%clk 00:05:48]

} {

[%emt 00:00:03]

} 30. Bh6 {

[%clk 00:06:02]

} {

[%emt 00:01:15]

} Kf8 {

[%clk 00:05:28]

} {

[%emt 00:00:24]

} 31. Bxg7+ {

[%clk 00:05:40]

} {

[%emt 00:00:25]

} Rxg7 {

[%clk 00:05:28]

} {

[%emt 00:00:03]

} 32. Qh6 {

[%clk 00:04:59]

} {

[%emt 00:00:44]

} 1-0

[Event "Priit Leito Memorial Tournament"]
[Site "Tallinn, Paul Keres Chess House, Estonia"]
[Date "2023.02.04"]
[Round "8.1"]
[White "Miezis, Normunds"]
[Black "Nyback, Tomi"]
[Result "1/2-1/2"]
[TimeControl " Rapid: 15 minutes for game with 3 seconds increment from move 1"]
[WhiteTitle "GM"]
[BlackTitle "GM"]
[WhiteElo "2502"]
[BlackElo "2572"]

1. c4 {

[%clk 00:15:03]

} {

[%emt 00:00:02]

} Nf6 {

[%clk 00:15:04]

} {

[%emt 00:00:02]

} 2. Nc3 {

[%clk 00:15:02]

} {

[%emt 00:00:04]

} e5 {

[%clk 00:15:06]

} {

[%emt 00:00:02]

} 3. g3 {

[%clk 00:14:49]

} {

[%emt 00:00:15]

} Bb4 {

[%clk 00:15:01]

} {

[%emt 00:00:08]

} 4. Bg2 {

[%clk 00:14:48]

} {

[%emt 00:00:04]

} O-O {

[%clk 00:14:59]

} {

[%emt 00:00:05]

} 5. e4 {

[%clk 00:14:29]

} {

[%emt 00:00:21]

} Bxc3 {

[%clk 00:14:04]

} {

[%emt 00:00:59]

} 6. dxc3 {

[%clk 00:14:28]

} {

[%emt 00:00:03]

} d6 {

[%clk 00:13:47]

} {

[%emt 00:00:20]

} 7. Qe2 {

[%clk 00:14:17]

} {

[%emt 00:00:13]

} a6 {

[%clk 00:13:41]

} {

[%emt 00:00:10]

} 8. Nf3 {

[%clk 00:14:03]

} {

[%emt 00:00:17]

} b5 {

[%clk 00:13:18]

} {

[%emt 00:00:26]

} 9. O-O {

[%clk 00:13:11]

} {

[%emt 00:00:55]

} Nbd7 {

[%clk 00:13:07]

} {

[%emt 00:00:15]

} 10. Nd2 {

[%clk 00:11:53]

} {

[%emt 00:01:20]

} Bb7 {

[%clk 00:11:41]

} {

[%emt 00:01:29]

} 11. f3 {

[%clk 00:10:30]

} {

[%emt 00:01:25]

} Nb6 {

[%clk 00:10:25]

} {

[%emt 00:01:19]

} 12. Rd1 {

[%clk 00:10:22]

} {

[%emt 00:00:10]

} Nfd7 {

[%clk 00:05:35]

} {

[%emt 00:04:54]

} 13. b3 {

[%clk 00:08:08]

} {

[%emt 00:02:18]

} bxc4 {

[%clk 00:04:28]

} {

[%emt 00:01:10]

} 14. Nxc4 {

[%clk 00:08:03]

} {

[%emt 00:00:08]

} Nxc4 {

[%clk 00:04:28]

} {

[%emt 00:00:04]

} 15. Qxc4 {

[%clk 00:07:57]

} {

[%emt 00:00:08]

} Kh8 {

[%clk 00:03:36]

} {

[%emt 00:00:55]

} 16. Qd3 {

[%clk 00:06:45]

} {

[%emt 00:01:14]

} Qe7 {

[%clk 00:02:58]

} {

[%emt 00:00:41]

} 17. Ba3 {

[%clk 00:06:35]

} {

[%emt 00:00:14]

} Qe6 {

[%clk 00:02:44]

} {

[%emt 00:00:16]

} 18. c4 {

[%clk 00:03:56]

} {

[%emt 00:02:42]

} a5 {

[%clk 00:02:33]

} {

[%emt 00:00:15]

} 19. Qe3 {

[%clk 00:03:32]

} {

[%emt 00:00:26]

} a4 {

[%clk 00:01:26]

} {

[%emt 00:01:11]

} 20. Bb4 {

[%clk 00:03:26]

} {

[%emt 00:00:09]

} h6 {

[%clk 00:01:21]

} {

[%emt 00:00:08]

} 21. Qd3 {

[%clk 00:02:57]

} {

[%emt 00:00:32]

} Bc6 {

[%clk 00:01:19]

} {

[%emt 00:00:06]

} 22. Qc3 {

[%clk 00:02:45]

} {

[%emt 00:00:15]

} Rfb8 {

[%clk 00:01:09]

} {

[%emt 00:00:13]

} 23. Ba5 {

[%clk 00:02:31]

} {

[%emt 00:00:17]

} Rc8 {

[%clk 00:00:36]

} {

[%emt 00:00:35]

} 24. b4 {

[%clk 00:02:31]

} {

[%emt 00:00:04]

} Qg6 {

[%clk 00:00:30]

} {

[%emt 00:00:09]

} 25. Bh3 {

[%clk 00:02:15]

} {

[%emt 00:00:19]

} Nf6 {

[%clk 00:00:21]

} {

[%emt 00:00:12]

} 26. Bxc8 {

[%clk 00:02:10]

} {

[%emt 00:00:08]

} Rxc8 {

[%clk 00:00:23]

} {

[%emt 00:00:01]

} 27. b5 {

[%clk 00:02:09]

} {

[%emt 00:00:04]

} Bd7 {

[%clk 00:00:20]

} {

[%emt 00:00:06]

} 28. b6 {

[%clk 00:02:04]

} {

[%emt 00:00:08]

} cxb6 {

[%clk 00:00:16]

} {

[%emt 00:00:07]

} 29. Bxb6 {

[%clk 00:02:05]

} {

[%emt 00:00:02]

} Be6 {

[%clk 00:00:13]

} {

[%emt 00:00:06]

} 30. Rxd6 {

[%clk 00:02:04]

} {

[%emt 00:00:04]

} Rxc4 {

[%clk 00:00:14]

} {

[%emt 00:00:02]

} 31. Qd2 {

[%clk 00:02:04]

} {

[%emt 00:00:03]

} h5 {

[%clk 00:00:13]

} {

[%emt 00:00:05]

} 32. Bf2 {

[%clk 00:01:53]

} {

[%emt 00:00:13]

} h4 {

[%clk 00:00:15]

} {

[%emt 00:00:02]

} 33. Rc1 {

[%clk 00:01:52]

} {

[%emt 00:00:03]

} Rxc1+ {

[%clk 00:00:11]

} {

[%emt 00:00:07]

} 34. Qxc1 {

[%clk 00:01:53]

} {

[%emt 00:00:02]

} Bxa2 {

[%clk 00:00:09]

} {

[%emt 00:00:05]

} 35. Qc8+ {

[%clk 00:01:24]

} {

[%emt 00:00:32]

} Kh7 {

[%clk 00:00:09]

} {

[%emt 00:00:04]

} 36. Qh3 {

[%clk 00:01:13]

} {

[%emt 00:00:14]

} Qh6 {

[%clk 00:00:08]

} {

[%emt 00:00:04]

} 37. Qxh4 {

[%clk 00:01:11]

} {

[%emt 00:00:04]

} Qxh4 {

[%clk 00:00:10]

} {

[%emt 00:00:01]

} 38. gxh4 {

[%clk 00:01:12]

} {

[%emt 00:00:02]

} Bb3 {

[%clk 00:00:11]

} {

[%emt 00:00:02]

} 39. Ra6 {

[%clk 00:01:12]

} {

[%emt 00:00:03]

} Nh5 {

[%clk 00:00:08]

} {

[%emt 00:00:06]

} 40. Bg3 {

[%clk 00:01:10]

} {

[%emt 00:00:04]

} f6 {

[%clk 00:00:08]

} {

[%emt 00:00:03]

} 41. Kf2 {

[%clk 00:01:11]

} {

[%emt 00:00:02]

} Kg8 {

[%clk 00:00:10]

} {

[%emt 00:00:02]

} 42. Ra7 {

[%clk 00:01:13]

} {

[%emt 00:00:02]

} Kf8 {

[%clk 00:00:12]

} {

[%emt 00:00:01]

} 43. Ke3 {

[%clk 00:01:14]

} {

[%emt 00:00:01]

} Ke8 {

[%clk 00:00:13]

} 44. Be1 {

[%clk 00:01:07]

} {

[%emt 00:00:10]

} Kf8 {

[%clk 00:00:13]

} {

[%emt 00:00:04]

} 45. Bb4+ {

[%clk 00:01:08]

} {

[%emt 00:00:02]

} Kg8 {

[%clk 00:00:15]

} {

[%emt 00:00:01]

} 46. Be1 {

[%clk 00:01:02]

} {

[%emt 00:00:09]

} Nf4 {

[%clk 00:00:17]

} 47. Bg3 {

[%clk 00:01:03]

} {

[%emt 00:00:02]

} Ne6 {

[%clk 00:00:19]

} {

[%emt 00:00:02]

} 48. f4 {

[%clk 00:01:02]

} {

[%emt 00:00:03]

} exf4+ {

[%clk 00:00:09]

} {

[%emt 00:00:13]

} 49. Bxf4 {

[%clk 00:01:03]

} {

[%emt 00:00:01]

} Kh7 {

[%clk 00:00:11]

} {

[%emt 00:00:02]

} 50. Bd6 {

[%clk 00:01:03]

} {

[%emt 00:00:03]

} Kg6 {

[%clk 00:00:13]

} {

[%emt 00:00:02]

} 51. e5 {

[%clk 00:00:58]

} {

[%emt 00:00:09]

} f5 {

[%clk 00:00:14]

} {

[%emt 00:00:02]

} 52. Be7 {

[%clk 00:00:56]

} {

[%emt 00:00:04]

} f4+ {

[%clk 00:00:15]

} {

[%emt 00:00:02]

} 53. Ke4 {

[%clk 00:00:51]

} {

[%emt 00:00:07]

} Bc2+ {

[%clk 00:00:17]

} {

[%emt 00:00:01]

} 54. Kf3 {

[%clk 00:00:32]

} {

[%emt 00:00:22]

} Kf5 {

[%clk 00:00:19]

} {

[%emt 00:00:01]

} 55. Bd6 {

[%clk 00:00:32]

} {

[%emt 00:00:03]

} Bd1+ {

[%clk 00:00:19]

} {

[%emt 00:00:02]

} 56. Kf2 {

[%clk 00:00:34]

} {

[%emt 00:00:01]

} Bb3 {

[%clk 00:00:21]

} {

[%emt 00:00:01]

} 57. h3 {

[%clk 00:00:29]

} {

[%emt 00:00:08]

} Ke4 {

[%clk 00:00:18]

} {

[%emt 00:00:06]

} 58. h5 {

[%clk 00:00:28]

} {

[%emt 00:00:03]

} Kf5 {

[%clk 00:00:19]

} {

[%emt 00:00:03]

} 59. h6 {

[%clk 00:00:25]

} {

[%emt 00:00:06]

} gxh6 {

[%clk 00:00:20]

} {

[%emt 00:00:02]

} 60. Rf7+ {

[%clk 00:00:25]

} {

[%emt 00:00:03]

} Kg6 {

[%clk 00:00:14]

} {

[%emt 00:00:10]

} 61. Rf6+ {

[%clk 00:00:26]

} {

[%emt 00:00:02]

} Kg5 {

[%clk 00:00:15]

} {

[%emt 00:00:02]

} 62. Be7 {

[%clk 00:00:23]

} {

[%emt 00:00:05]

} Kh5 {

[%clk 00:00:17]

} {

[%emt 00:00:02]

} 63. Bb4 {

[%clk 00:00:15]

} {

[%emt 00:00:12]

} Kg5 {

[%clk 00:00:16]

} {

[%emt 00:00:03]

} 64. Be7 {

[%clk 00:00:14]

} {

[%emt 00:00:04]

} Kh5 {

[%clk 00:00:18]

} {

[%emt 00:00:01]

} 65. Kf3 {

[%clk 00:00:15]

} {

[%emt 00:00:02]

} Bd5+ {

[%clk 00:00:20]

} 66. Kf2 {

[%clk 00:00:14]

} {

[%emt 00:00:04]

} Ng5 {

[%clk 00:00:21]

} {

[%emt 00:00:02]

} 67. Ke1 {

[%clk 00:00:10]

} {

[%emt 00:00:07]

} Nxh3 {

[%clk 00:00:21]

} {

[%emt 00:00:03]

} 68. Bf8 {

[%clk 00:00:09]

} {

[%emt 00:00:04]

} f3 {

[%clk 00:00:22]

} {

[%emt 00:00:02]

} 69. Rxh6+ {

[%clk 00:00:05]

} {

[%emt 00:00:06]

} Kg4 {

[%clk 00:00:24]

} {

[%emt 00:00:01]

} 70. Rf6 {

[%clk 00:00:06]

} {

[%emt 00:00:03]

} f2+ {

[%clk 00:00:11]

} {

[%emt 00:00:16]

} 71. Rxf2 Nxf2 {

[%clk 00:00:13]

} 72. Kxf2 {

[%clk 00:00:07]

} {

[%emt 00:00:01]

} Kf5 {

[%clk 00:00:15]

} 73. Bd6 {

[%clk 00:00:08]

} {

[%emt 00:00:03]

} a3 {

[%clk 00:00:17]

} {

[%emt 00:00:01]

} 74. Bxa3 {

[%clk 00:00:09]

} {

[%emt 00:00:02]

} Kxe5 {

[%clk 00:00:19]

} {

[%emt 00:00:01]

} 1/2-1/2

[Event "Priit Leito Memorial Tournament"]
[Site "Tallinn, Paul Keres Chess House, Estonia"]
[Date "2023.02.04"]
[Round "8.2"]
[White "Ehlvest, Jaan"]
[Black "Neiksans, Arturs"]
[Result "1-0"]
[TimeControl " Rapid: 15 minutes for game with 3 seconds increment from move 1"]
[WhiteTitle "GM"]
[BlackTitle "GM"]
[WhiteElo "2494"]
[BlackElo "2552"]

1. d4 {

[%clk 00:15:04]

} {

[%emt 00:00:01]

} Nf6 {

[%clk 00:15:04]

} {

[%emt 00:00:02]

} 2. c4 {

[%clk 00:15:04]

} {

[%emt 00:00:02]

} e6 {

[%clk 00:15:06]

} {

[%emt 00:00:02]

} 3. Nc3 {

[%clk 00:15:05]

} {

[%emt 00:00:02]

} Bb4 {

[%clk 00:15:06]

} {

[%emt 00:00:04]

} 4. e3 {

[%clk 00:15:04]

} {

[%emt 00:00:04]

} O-O {

[%clk 00:15:05]

} {

[%emt 00:00:04]

} 5. Bd3 {

[%clk 00:14:59]

} {

[%emt 00:00:07]

} d5 {

[%clk 00:15:01]

} {

[%emt 00:00:07]

} 6. a3 {

[%clk 00:14:55]

} {

[%emt 00:00:08]

} Be7 {

[%clk 00:12:18]

} {

[%emt 00:02:45]

} 7. Nf3 {

[%clk 00:14:36]

} {

[%emt 00:00:22]

} c5 {

[%clk 00:11:53]

} {

[%emt 00:00:29]

} 8. O-O {

[%clk 00:13:09]

} {

[%emt 00:01:30]

} Nc6 {

[%clk 00:11:30]

} {

[%emt 00:00:27]

} 9. b3 {

[%clk 00:12:01]

} {

[%emt 00:01:10]

} b6 {

[%clk 00:10:59]

} {

[%emt 00:00:35]

} 10. Bb2 {

[%clk 00:11:57]

} {

[%emt 00:00:06]

} cxd4 {

[%clk 00:10:12]

} {

[%emt 00:00:50]

} 11. exd4 {

[%clk 00:11:57]

} {

[%emt 00:00:03]

} Bb7 {

[%clk 00:10:13]

} {

[%emt 00:00:02]

} 12. Re1 {

[%clk 00:11:16]

} {

[%emt 00:00:44]

} Rc8 {

[%clk 00:10:07]

} {

[%emt 00:00:09]

} 13. Rc1 {

[%clk 00:11:12]

} {

[%emt 00:00:07]

} Qd6 {

[%clk 00:09:03]

} {

[%emt 00:01:08]

} 14. c5 {

[%clk 00:08:58]

} {

[%emt 00:02:17]

} bxc5 {

[%clk 00:08:42]

} {

[%emt 00:00:24]

} 15. Nb5 {

[%clk 00:08:59]

} {

[%emt 00:00:01]

} Qf4 {

[%clk 00:07:41]

} {

[%emt 00:01:05]

} 16. dxc5 {

[%clk 00:08:51]

} {

[%emt 00:00:11]

} Ne4 {

[%clk 00:07:39]

} {

[%emt 00:00:05]

} 17. b4 {

[%clk 00:08:37]

} {

[%emt 00:00:17]

} a5 {

[%clk 00:07:32]

} {

[%emt 00:00:09]

} 18. Nbd4 {

[%clk 00:08:06]

} {

[%emt 00:00:34]

} axb4 {

[%clk 00:06:53]

} {

[%emt 00:00:43]

} 19. Nxc6 {

[%clk 00:08:05]

} {

[%emt 00:00:03]

} Bxc6 {

[%clk 00:06:52]

} {

[%emt 00:00:04]

} 20. axb4 {

[%clk 00:08:00]

} {

[%emt 00:00:08]

} Rb8 {

[%clk 00:06:53]

} {

[%emt 00:00:02]

} 21. Be5 {

[%clk 00:07:42]

} {

[%emt 00:00:20]

} Qh6 {

[%clk 00:06:36]

} {

[%emt 00:00:20]

} 22. Nd4 {

[%clk 00:06:07]

} {

[%emt 00:01:38]

} Ba8 {

[%clk 00:04:53]

} {

[%emt 00:01:46]

} 23. Bxb8 Rxb8 {

[%clk 00:04:55]

} 24. Bxe4 {

[%clk 00:04:49]

} {

[%emt 00:00:24]

} dxe4 {

[%clk 00:04:57]

} {

[%emt 00:00:01]

} 25. c6 {

[%clk 00:04:51]

} Bxb4 {

[%clk 00:02:16]

} {

[%emt 00:02:44]

} 26. c7 {

[%clk 00:04:13]

} {

[%emt 00:00:41]

} Rc8 {

[%clk 00:02:18]

} {

[%emt 00:00:01]

} 27. Nc6 {

[%clk 00:03:43]

} {

[%emt 00:00:33]

} Bf8 {

[%clk 00:00:47]

} {

[%emt 00:01:35]

} 28. Qd8 {

[%clk 00:03:01]

} {

[%emt 00:00:44]

} 1-0